IFM Opac

On Organization of the future (Record no. 16550)

MARC details
000 -LEADER
fixed length control field 00311nam a22001457a 4500
082 ## - DEWEY DECIMAL CLASSIFICATION NUMBER
Classification number 658.406 ARG
100 ## - MAIN ENTRY--PERSONAL NAME
Personal name Argyris charis
245 ## - TITLE STATEMENT
Title On Organization of the future
250 ## - EDITION STATEMENT
Edition statement 2rd
260 ## - PUBLICATION, DISTRIBUTION, ETC.
Name of publisher, distributor, etc. Sage
Date of publication, distribution, etc. 1973
300 ## - PHYSICAL DESCRIPTION
Extent 48.p
500 ## - GENERAL NOTE
General note
650 ## - SUBJECT ADDED ENTRY--TOPICAL TERM
Topical term or geographic name entry element On Organization of the future
942 ## - ADDED ENTRY ELEMENTS (KOHA)
Koha item type Books
Holdings
Withdrawn status Lost status Source of classification or shelving scheme Damaged status Not for loan Home library Current library Shelving location Date acquired Full call number Barcode Date last seen Price effective from Koha item type
Withdrawn   Dewey Decimal Classification     IFM Main Campus Library IFM Main Campus Library   09/30/2016 658.406 ARG 0000011288 09/30/2016 02/19/2022 Books